Giáo trình toán cao cấp : (Phần Đại số tuyến tính)
Tài liệu cung cấp những kiến thức cơ bản của môn Đại số tuyến tính theo chương trình Toán cao cấp dành cho năm thứ 1 Đại học của các ngành ứng dụng không chuyên Toán như Kinh Tế, Ngoại thương, Tin học,...Nội dung gồm có 7 phần chính: Ma trận...
में बचाया:
| मुख्य लेखक: | |
|---|---|
| स्वरूप: | पुस्तक |
| भाषा: | Undetermined |
| प्रकाशित: |
Hà Nội
Thống kê
2008
|
| विषय: | |
| टैग : |
टैग जोड़ें
कोई टैग नहीं, इस रिकॉर्ड को टैग करने वाले पहले व्यक्ति बनें!
|
| Thư viện lưu trữ: | Trung tâm Học liệu Trường Đại học Cần Thơ |
|---|
| LEADER | 01184nam a2200217Ia 4500 | ||
|---|---|---|---|
| 001 | CTU_174264 | ||
| 008 | 210402s9999 xx 000 0 und d | ||
| 020 | |c 65000 | ||
| 082 | |a 512.5 | ||
| 082 | |b T502 | ||
| 100 | |a Hoàng, Anh Tuấn | ||
| 245 | 0 | |a Giáo trình toán cao cấp : | |
| 245 | 0 | |b (Phần Đại số tuyến tính) | |
| 245 | 0 | |c Hoàng Anh Tuấn, Đoàn Thiện Ngân | |
| 260 | |a Hà Nội | ||
| 260 | |b Thống kê | ||
| 260 | |c 2008 | ||
| 520 | |a Tài liệu cung cấp những kiến thức cơ bản của môn Đại số tuyến tính theo chương trình Toán cao cấp dành cho năm thứ 1 Đại học của các ngành ứng dụng không chuyên Toán như Kinh Tế, Ngoại thương, Tin học,...Nội dung gồm có 7 phần chính: Ma trận, Hệ phương trình tuyến tính, Không gian vectơ, Ánh xạ tuyến tính, Định thức, Chéo hóa và Dạng toàn phương. | ||
| 650 | |a Algebras, linear,Đại số tuyến tính | ||
| 910 | |a Thúy phượng,Hải | ||
| 980 | |a Trung tâm Học liệu Trường Đại học Cần Thơ | ||